| Tag |
First Indicator |
Second Indicator |
Subfields |
| LEADER |
00000cam a2200000 a 4500 |
| 001 |
in00002139762 |
| 006 |
m e d # |
| 007 |
cr mn mmmmabba |
| 008 |
811109s1763 mau s 000 0 eng d |
| 005 |
20260331152216.6 |
| 035 |
|
|
|z t097607
|
| 035 |
|
|
|z w021323
|
| 035 |
|
|
|a MAAR8111091808B
|
| 035 |
|
|
|9 mwa91-55284
|
| 035 |
|
|
|a 323656
|
| 035 |
|
|
|a aas03021323
|
| 040 |
|
|
|a MWA
|c MWA
|e bdrb
|d UtOrBLW
|
| 100 |
1 |
|
|a Mayhew, Jonathan,
|d 1720-1766.
|
| 245 |
1 |
0 |
|a Observations on the charter and conduct of the Society for the Propagation of the Gospel in Foreign Parts :
|b designed to shew their non-conformity to each other with remarks on the mistakes of East Apthorp, M.A. missionary at Cambridge, in quoting, and representing the sense of said charter, &c. : As also various incidental reflections relative to the Church of England, and the state of religion in North-America, particularly in New-England. /
|c By Jonathan Mayhew, D.D. Pastor of the West-Church in Boston. ; [Five lines from Galatians].
|
| 264 |
|
3 |
|a Boston, New-England :
|b Printed by Richard and Samuel Draper, in Newbury-Street, Edes and Gill, in Queen-Street, and Thomas and John Fleet at the Heart and Crown in Cornhill,
|c M,DCC,LXIII. [1763]
|
| 300 |
|
|
|a 176 pages ;
|c 22 cm. (quarto)
|
| 336 |
|
|
|a text
|b txt
|2 rdacontent
|
| 337 |
|
|
|a computer
|b c
|2 rdamedia
|
| 338 |
|
|
|a online resource
|b cr
|2 rdacarrier
|
| 500 |
|
|
|a Errata statement, page 176.
|
| 510 |
4 |
|
|a Evans
|c 9441
|
| 530 |
|
|
|a Microform version available in the Readex Early American Imprints series.
|
| 533 |
|
|
|a Electronic text and image data.
|b [Chester, Vt. :
|c Readex, a division of Newsbank, Inc.,
|d 2002-2004.
|e Includes files in TIFF, GIF and PDF formats with inclusion of keyword searchable text.
|f (Early American imprints. First series ; no. 9441).
|
| 500 |
|
|
|a Electronic resource.
|
| 600 |
1 |
0 |
|a Apthorp, East,
|d 1733-1816.
|t Considerations on the institution and conduct of the Society for the Propagation of the Gospel.
|
| 610 |
2 |
0 |
|a Society for the Propagation of the Gospel in Foreign Parts (Great Britain)
|
| 610 |
2 |
0 |
|a Church of England
|z United States.
|
| 752 |
|
|
|a United States
|b Massachusetts
|d Boston.
|
| 830 |
|
0 |
|a Early American imprints.
|n Series I,
|p Evans (1639-1800) ;
|v no. 9441.
|
| 856 |
4 |
1 |
|u http://proxy.library.tamu.edu/login?url=https://opac.newsbank.com/select/evans/9441
|y Evans Digital Edition
|t 0
|
| 999 |
|
|
|a MARS
|
| 999 |
f |
f |
|s 21f8724b-3b7f-3deb-ae0f-b70b438c88e0
|i a05c5e4c-cff1-3b7c-b28d-ce377ab4197d
|t 0
|
| 952 |
f |
f |
|a Texas A&M University
|b College Station
|c Electronic Resources
|s www_evans
|d Available Online
|t 0
|h No information provided
|
| 998 |
f |
f |
|t 0
|l Available Online
|